000 00567nam a2200205Ia 4500
005 20250923144859.0
008 008 250917s9999 xx 000 0 eng d
037 _aTextual
040 _aDSWL
_beng
_cDSWL
041 _aeng
_2eng
084 _aS:35:T4u, K2
_qDSWL
100 _aMechanic, David
_9829376
245 0 _aStudents Under Stress
_cby David Mechanic
260 _aNew York
_bThe Free Press
_c1962
300 _avi,23p.
365 _aUSD
_b5.95
925 _g5.95
942 _cTEXL
_hS:35:T4u, K2
999 _c1444511
_d1444511